| 000 | 00434nam a2200181Ia 4500 | ||
|---|---|---|---|
| 008 | 160319s9999 xx 000 0 und d | ||
| 245 | 4 | _aThe Brain: | |
| 245 | _bour universe within / | ||
| 260 | _bBBC Worldwide Inc. | ||
| 260 | _cNA | ||
| 300 | _a1 videodisc : | ||
| 300 | _bsound, colored ; | ||
| 300 | _c4 3/4 in. | ||
| 650 | _aBrain. | ||
| 650 | _aMemory. | ||
| 650 | _aPerception. | ||
| 650 | _aSenses and sensation. | ||
| 999 |
_c292670 _d292670 |
||